000
00187nam a2200085Ia 4500
008
180219s9999 xx 000 0 und d
100
_a
Panday Ranu
245
0
_a
Paryvren Avam Vikash
260
_a
R Lal
260
_c
2012
999
_c
42549
_d
42549